000 01180nam1a22002531i 4500
001 v19\rc\1227159
005 20241225180502.0
035 _a(NLR Aleph) 004388375
090 _a3719450
_c3719450
100 _a20060306d1879 |||y0rusy50 ca
101 1 _arus
_cger
102 _aRU
105 _ay z |||||
200 1 _aОстрые инфекционные болезни
_fПер. со 2-го изм. и доп. изд. Б.А. Хавкин, под ред. и с добавлениями проф. В.Г. Лашкевича, дир. Харьковск. терапевтич. клиники. Вып. 1-
210 _aХарьков
_cизд. врача Б.А. Хавкина
_d1879
215 _d24
225 1 _aРуководство к частной патологии и терапии
_e3-е изд.
_fH. v. Ziemssen
_vТ. 2, ч. 1
702 1 _4730
_7ca
_8rus
_aХавкин
_bБ. В.
_gБорис Владимирович
_9254300
_3RU\NLR\AUTH\770254356
702 1 _aЛашкевич
_bВ.Г.
_f1835-1888
_gВалериан Григорьевич
_4340
801 0 _aRU
_bNLR
_gpsbo
801 1 _aRU
_bProSoft-M
_2rusmarc
852 _aNLR
_j18.60.2.18
942 _cBOOK